banner-ar

نهر النيل و نزاع الموارد المائية العربية : (Record no. 61622)

MARC details
000 -الفاتح
حقل البيانات ثابتة الطول 01112nam a22002297a 4500
005 - وقت وتاريخ اخر تعامل مع التسجيلة
رقم الضبط 20240530110509.0
008 - عناصر البيانات ثابتة الطول - معلومات عامة
حقل البيانات ثابتة الطول 151025s2010 ua abo f 000 0dara d
017 ## - رقم الايداع القانونى
رقم الايداع القانونى 2010/24921
المصدر ( الهيئة المختصة) مصر . دار الكتب المصرية
040 ## - مصدر الفهرسة
وكالة الفهرسة الأصلية EG-CaGPL
082 04 - رقم تصنيف ديوى العشرى
رقم الطبعة 21
رقم التصنيف 327.16
رقم المادة ق/ن ن
100 0# - المدخل الرئيسى - إسم شخصى
الإسم الشخصى نجاح العشرى
245 10 - بيان العنوان
العنوان نهر النيل و نزاع الموارد المائية العربية :
بقية العنوان ميلاد النهر و تكوينة الجيولوجى : الدور الصهيو / اكريكى المشبوه فى افريقيا و دول الحوض - ادارة ازمة نهر النيل و سيناريوهات الحل /
بيان المسئوليه,etc نجاح العشرى
250 ## - بيان الطبعة
بيان الطبعة ط1
260 ## - PUBLICATION, DISTRIBUTION, ETC. (IMPRINT)
تاريخ النشر أو التوزيع 2010 .
300 ## - الوصف المادى
التعداد 112 ص :
تفاصيل ماديه اخرى للوعاء خرائط ، صور ؛
أبعاد الوعاء 24 سم +
المادة المصاحبة ملاحق .
650 04 - المدخل الاضافى بالموضوع-مصطلح موضوعى
مصطلح موضوعي نهر النيل
التقسيم الفرعي العام الاحوال السياسية
650 04 - المدخل الاضافى بالموضوع-مصطلح موضوعى
مصطلح موضوعي المياه
التقسيم الفرعي العام قوانين و تشريعات
650 04 - المدخل الاضافى بالموضوع-مصطلح موضوعى
مصطلح موضوعي حق المياه
650 04 - المدخل الاضافى بالموضوع-مصطلح موضوعى
مصطلح موضوعي المياه
التقسيم الفرعي العام معايير
942 ## - عناصر المدخل الإضافي( كوها)
مصدر التصنيف او مخطط الترفيف Dewey Decimal Classification
Koha [default] item type كتاب
260 ## - PUBLICATION, DISTRIBUTION, ETC. (IMPRINT)
-- القاهرة :
-- مكتبة جزيرة الورد ،
Holdings
حالة التراجع حالة الفقد حالة تلف ليس للاعارة المكان المؤقت الموقع الحالى تاريخ الاكتساب اجمالي اﻻعارات رقم الطلب الباركود تاريخ اخر مشاهدة تاريخ تفعيل السعر نوع وعاء كوها
        مكتبة القاهرة الكبرى مكتبة القاهرة الكبرى 10/25/2015   327.16 ق/ن ن 160966 10/25/2015 10/25/2015 كتاب

Powered By

EGPV